| 000 | 01374nam a2200397 a 4500 | ||
|---|---|---|---|
| 001 | 37110 | ||
| 003 | FlNmELB | ||
| 005 | 20241216221455.0 | ||
| 006 | m o d | | ||
| 007 | cr cn||||||||| | ||
| 008 | 130725s2001 sp s 000 0 spa d | ||
| 020 | _z9788484091165 | ||
| 035 | _a(MiAaPQ)EBC3213342 | ||
| 035 | _a(Au-PeEL)EBL3213342 | ||
| 035 | _a(CaPaEBR)ebr10732713 | ||
| 035 | _a(OCoLC)929435703 | ||
| 040 |
_aFlNmELB _bspa _cFlNmELB |
||
| 050 | 4 |
_aDP13 _bS465 2001 |
|
| 080 |
_a811.134.2'373.21 _x(460.222) |
||
| 082 | 0 | 4 |
_a910.014 _223 |
| 100 | 1 | _aSelfa Sastre, Moisés. | |
| 245 | 1 | 0 |
_aMunicipio de Campo _h[recurso electronico] _cMoisés Selfa Sastre. |
| 260 |
_aLleida : _bUniversitat de Lleida, _c2001. |
||
| 300 | _a31 p. | ||
| 490 | 1 |
_aToponimia de Ribagorza / Universitat de Lleida ; _v3 |
|
| 500 | _aIncluye índice. | ||
| 533 | _aRecurso electrónico. Santa Fe, Arg.: e-libro, 2015. Disponible vía World Wide Web. El acceso puede estar limitado para las bibliotecas afiliadas a e-libro. | ||
| 650 | 4 | _aToponimia. | |
| 650 | 4 |
_aNombres geográficos _zEspaña. |
|
| 650 | 0 | _aToponymy. | |
| 650 | 0 |
_aNames, Geographical _zSpain. |
|
| 655 | 4 | _aLibros electrónicos. | |
| 710 | 2 | _ae-libro, Corp. | |
| 830 | 0 |
_aUniversidad de Lleida. Toponimia de Ribagorza ; _v3. |
|
| 856 | 4 | 0 | _uhttps://elibro.net/ereader/politecnicointernacional/54624 |
| 999 |
_c37110 _d37110 |
||